Statistics for People With Beatles Song Title Names

Click here to take the quiz!

General Stats

  • This quiz has been taken 57 times
  • The average score is 9 of 15

Answer Stats

Answer% Correct
Madonna Ciccone
98%
Lucy Liu
96%
Michelle Obama
81%
Bill Clinton
79%
Jude Law
75%
John Travolta
71%
Robert De Niro
67%
Eleanor Roosevelt
65%
Robert Redford
63%
Rocky Marciano
42%
Martha Stewart
40%
Julia Child
35%
Rita Moreno
25%
Anna Faris
23%
Pam Dawber
15%

Score Distribution

Percentile by Number Answered

Percent of People with Each Score

Your Score History

You have not taken this quiz